|
|
|
|
| LEADER |
00000nas a2200000 a 4500 |
| 003 |
Ucuenca |
| 005 |
20230308222811.0 |
| 008 |
000000|1990 xx |||||r|||||||||||spa|| |
| 022 |
|
|
|a 0003858X
|
| 040 |
|
|
|b spa
|
| 041 |
0 |
|
|a eng
|
| 082 |
0 |
|
|a 720.5
|b W18a
|
| 245 |
|
|
|a Architectural record
|c Walter F. Wagner, editor. Mildred F. Schmertz
|h imp
|
| 264 |
|
|
|a New York
|b McGraw-Hill
|c March 1990
|
| 300 |
|
|
|a 169 páginas:
|b ilu
|c 30 cm
|
| 362 |
|
|
|a no. 3, vol. 178 (marzo 1990)
|
| 650 |
|
0 |
|a Arquitectura
|9 202148
|
| 650 |
|
0 |
|a Revista architectural record
|9 201918
|
| 650 |
|
0 |
|a Proyectos arquitectónicos
|9 33258
|
| 650 |
|
|
|a Centro de convenciones
|9 164094
|
| 650 |
|
|
|a Departamentos
|9 43956
|
| 650 |
|
|
|a Escuelas
|9 33917
|
| 650 |
|
|
|a Edificios
|9 33264
|
| 700 |
1 |
|
|a Schmertz, Mildred F.
|e editor
|9 202149
|
| 700 |
1 |
|
|9 201919
|a Wagner, Walter F.
|e editor
|
| 852 |
|
|
|a UC-CDJBV
|f Donación
|l 1
|m General
|p 00000000
|r 2
|t si90-3
|b 0
|d CDRC
|e CDRC
|g 720.5 W18a TERCER PISO (SECCION REVISTAS)
|z 0000-00-00
|
| 942 |
|
|
|c SER
|
| 999 |
|
|
|c 141957
|d 141957
|